[Event "Lake Sevan"]
[Site "Martuni ARM"]
[Date "2015.07.12"]
[EventDate "2015.07.12"]
[Round "1.5"]
[Result "1-0"]
[White "Jan-Krzysztof Duda"]
[Black "Samuel Sevian"]
[WhiteElo "2632"]
[BlackElo "2578"]
[PlyCount "139"]

1. e4 e5 2. Nf3 Nc6 3. Bb5 a6 4. Ba4 Nf6 5. O-O b5 6. Bb3 Bc5
7. a4 Rb8 8. axb5 axb5 9. Nxe5 Nxe5 10. d4 Bxd4 11. Qxd4 d6
12. f4 Nc6 13. Qd3 O-O 14. Nc3 Re8 15. e5 dxe5 16. Qxd8 Nxd8
17. fxe5 Rxe5 18. Bf4 Rc5 19. Be3 Rf5 20. Rxf5 Bxf5 21. Nxb5
Rxb5 22. Ra8 h6 23. Rxd8+ Kh7 24. Rd4 Ra5 25. Rd1 Rb5 26. Rc1
c5 27. Bxf7 Ng4 28. Bf4 Rxb2 29. h3 Nf6 30. Bb3 Nd7 31. g4 c4
32. Bxc4 Bg6 33. Rd1 Nf6 34. c3 Be4 35. Rd4 Rg2+ 36. Kf1 Rc2
37. Bd2 Bg6 38. Ke2 Ne4 39. Rd8 Rb2 40. Bg8+ Kh8 41. Be6+ Kh7
42. Ke3 Nf6 43. Kf4 Rb6 44. Bc4 Rc6 45. Bb5 Re6 46. Be3 h5
47. g5 Ne4 48. Bd4 Nd6 49. Bc6 Nf7 50. Rc8 Re1 51. Rc7 Rf1+
52. Bf3 Be4 53. Kxe4 Nxg5+ 54. Kd5 Rxf3 55. Rxg7+ Kh6 56. Re7
Nxh3 57. c4 Nf4+ 58. Ke4 Ng6 59. Ra7 Rf4+ 60. Kd3 Kg5 61. Be3
Kg4 62. Bxf4 Kxf4 63. Rh7 h4 64. c5 Kg5 65. Ke4 Nf8 66. Rh8
Ng6 67. Rg8 h3 68. Kf3 Kf5 69. Rxg6 Kxg6 70. c6 1-0

[Event "Lake Sevan"]
[Site "Martuni ARM"]
[Date "2015.07.13"]
[EventDate "2015.07.12"]
[Round "2.1"]
[Result "1-0"]
[White "Tigran Levonovich Petrosian"]
[Black "Samuel Sevian"]
[WhiteElo "2630"]
[BlackElo "2578"]
[PlyCount "85"]

1. Nf3 d5 2. g3 g6 3. Bg2 Bg7 4. d4 Nf6 5. c4 c6 6. cxd5 cxd5
7. Nc3 Ne4 8. Qb3 Nxc3 9. bxc3 O-O 10. Nd2 e6 11. e4 Nc6
12. O-O Na5 13. Qd1 b6 14. Ba3 Re8 15. e5 Ba6 16. Re1 Qd7
17. h4 Rac8 18. Re3 Nc4 19. Nxc4 Rxc4 20. h5 Qa4 21. Qb3 Qc6
22. hxg6 hxg6 23. Bb2 Rc8 24. a4 Rb8 25. Bf1 Bc8 26. Bxc4 dxc4
27. Qb5 Qc7 28. Ba3 Bd7 29. Bd6 Qc8 30. Qb1 Rb7 31. Qe4 Bh6
32. Qh4 Bf8 33. g4 f5 34. Rh3 Bg7 35. gxf5 exf5 36. Qh7+ Kf7
37. Rh6 Be6 38. Qxg6+ Kg8 39. Qh7+ Kf7 40. Rf6+ Ke8 41. Qg6+
Kd7 42. Qxg7+ Kc6 43. Qg2+ 1-0

[Event "Lake Sevan"]
[Site "Martuni ARM"]
[Date "2015.07.14"]
[EventDate "2015.07.12"]
[Round "3.5"]
[Result "1-0"]
[White "Samuel Sevian"]
[Black "Robert Hovhannisyan"]
[WhiteElo "2578"]
[BlackElo "2611"]
[PlyCount "131"]

1. e4 e5 2. Nf3 Nc6 3. Bb5 Nf6 4. d3 Bc5 5. c3 d5 6. exd5 Qxd5
7. Bc4 Qd6 8. b4 Bb6 9. Ba3 e4 10. b5 Bc5 11. dxe4 Bxa3
12. Qxd6 Bxd6 13. bxc6 Nxe4 14. Bd5 Nc5 15. cxb7 Bxb7 16. Bxb7
Nxb7 17. Nbd2 O-O-O 18. O-O-O Rhe8 19. Rhe1 Bc5 20. Ne4 Rxd1+
21. Kxd1 Bb6 22. Re2 f6 23. g4 Kd7 24. Nh4 Nc5 25. Nxc5+ Bxc5
26. Rd2+ Kc6 27. Nf5 g6 28. Nd4+ Kb7 29. h3 Re4 30. Rd3 Bb6
31. f3 Re5 32. Nb3 h5 33. Kd2 f5 34. c4 Kc6 35. gxh5 gxh5
36. Rd8 Be3+ 37. Kd3 Bf2 38. Nd4+ Kc5 39. Nc2 f4 40. Rf8 Bg3
41. Rf7 Kb6 42. Rf6+ Kb7 43. a3 c6 44. Kd2 a5 45. Kd3 Kb6
46. Kd2 Kb7 47. Rf7+ Kb6 48. Rf6 Kc5 49. Kd3 Bh2 50. Rg6 Kb6
51. Kd4 Re8 52. c5+ Kb5 53. a4+ Kxa4 54. Rg2 Rd8+ 55. Kc4 Rd1
56. Rxh2 h4 57. Re2 Rc1 58. Rd2 Rf1 59. Rd3 Ra1 60. Rb3 Ra2
61. Rc3 Ra1 62. Nd4 Rf1 63. Nxc6 Rxf3 64. Nd4 Rxc3+ 65. Kxc3
f3 66. Kd3 1-0

[Event "Lake Sevan"]
[Site "Martuni ARM"]
[Date "2015.07.15"]
[EventDate "2015.07.12"]
[Round "4.1"]
[Result "1/2-1/2"]
[White "Samvel Ter-Sahakyan"]
[Black "Samuel Sevian"]
[WhiteElo "2593"]
[BlackElo "2578"]
[PlyCount "112"]

1. e4 e5 2. Nf3 Nc6 3. Bb5 a6 4. Ba4 Nf6 5. O-O Be7 6. Re1 b5
7. Bb3 O-O 8. a4 b4 9. d4 d6 10. dxe5 Nxe5 11. Nbd2 a5 12. h3
Bb7 13. Nxe5 dxe5 14. Qf3 Bc5 15. Nf1 Kh8 16. Bg5 Ra6 17. Ng3
Qa8 18. Bc4 Nxe4 19. Rxe4 Rg6 20. Qf5 Bc8 21. Qxe5 Bd6 22. Qb5
c6 23. Qb6 Rxg5 24. Rd1 Qb8 25. Qe3 Rxg3 26. fxg3 Bf5 27. Rh4
Bxg3 28. Rh5 Bg6 29. Rxa5 Re8 30. Qc5 Be4 31. Kh1 Qf4 32. Bd3
Bd5 33. Bf1 h6 34. Qd4 Qf5 35. Qg4 Qf2 36. Qd4 Qxc2 37. Rc5
Qf5 38. Qg4 Qf2 39. Rcxd5 cxd5 40. Qf3 b3 41. a5 Qxf3 42. gxf3
Re1 43. Rxe1 Bxe1 44. a6 Bf2 45. Bb5 g6 46. Bc6 Kg7 47. Bxd5
Ba7 48. Bxb3 f5 49. Kg2 Kf6 50. Kf1 g5 51. Ke2 Ke5 52. Bf7 g4
53. fxg4 fxg4 54. hxg4 Kd6 55. Kd3 Kc7 56. Ke4 Bg1 1/2-1/2

[Event "Lake Sevan"]
[Site "Martuni ARM"]
[Date "2015.07.16"]
[EventDate "2015.07.12"]
[Round "5.3"]
[Result "1/2-1/2"]
[White "Samuel Sevian"]
[Black "Santosh Gujrathi Vidit"]
[WhiteElo "2578"]
[BlackElo "2643"]
[PlyCount "102"]

1. e4 e6 2. d4 d5 3. Nd2 c5 4. Ngf3 cxd4 5. exd5 Qxd5 6. Bc4
Qd6 7. O-O Nf6 8. Nb3 Nc6 9. Nbxd4 Nxd4 10. Nxd4 a6 11. Re1
Qc7 12. Bb3 Bd6 13. Nf5 Bxh2+ 14. Kh1 O-O 15. Nxg7 Rd8 16. Qf3
Kxg7 17. Bh6+ Kg6 18. c3 Nh5 19. Be3 f5 20. g4 Nf6 21. gxf5+
exf5 22. Qg2+ Ng4 23. f3 b5 24. Bd4 h5 25. fxg4 Bb7 26. gxf5+
Kh7 27. Re4 Rg8 28. Bxg8+ Rxg8 29. Qf3 Rg4 30. Rae1 Bd6 31. f6
Qf7 32. Qf5+ Kh8 33. Be5 Bxe5 34. Qxe5 Rh4+ 35. Kg2 Bxe4+
36. Rxe4 Qg6+ 37. Kf3 Rxe4 38. Qxe4 Qxf6+ 39. Qf4 Kg7 40. Kg3
Qxf4+ 41. Kxf4 Kf6 42. b3 a5 43. a4 bxa4 44. bxa4 Ke6 45. Kg5
Kd5 46. Kxh5 Kc4 47. Kg4 Kb3 48. Kf3 Kxa4 49. Ke2 Kb3 50. Kd2
a4 51. Kc1 Kxc3 1/2-1/2

[Event "Lake Sevan"]
[Site "Martuni ARM"]
[Date "2015.07.17"]
[EventDate "2015.07.12"]
[Round "6.1"]
[Result "1/2-1/2"]
[White "David Anton Guijarro"]
[Black "Samuel Sevian"]
[WhiteElo "2626"]
[BlackElo "2578"]
[PlyCount "110"]

1. Nf3 d5 2. b3 Bg4 3. e3 c6 4. Bb2 Nd7 5. Be2 Ngf6 6. h3 Bh5
7. d3 e6 8. Nbd2 Bd6 9. g4 Bg6 10. Nh4 e5 11. Nf1 Ng8 12. Nxg6
hxg6 13. Nd2 Qe7 14. a3 Ngf6 15. c4 Nc5 16. b4 Ne6 17. Nb3 d4
18. Qc2 c5 19. exd4 Nxd4 20. Nxd4 exd4 21. Kf1 O-O 22. Bf3
cxb4 23. axb4 Bxb4 24. Bxd4 Bc5 25. Bxc5 Qxc5 26. Kg2 Rab8
27. Rhb1 b5 28. Ra5 a6 29. Rxa6 bxc4 30. Rxb8 Rxb8 31. Qxc4
Qg5 32. Ra8 Rxa8 33. Bxa8 Qe5 34. Bf3 g5 35. d4 Qf4 36. Qc8+
Kh7 37. Qf8 Qxd4 38. Qxf7 Qe5 39. Qb7 Kh6 40. Qc6 Kh7 41. Qa8
Kg6 42. Qc8 Kh7 43. Qc2+ Kh6 44. Qd3 Qc5 45. Qd8 Kh7 46. Qb8
Qd4 47. Qg3 Kg6 48. Kh2 Nd7 49. Be2 Qe5 50. Bd1 Qxg3+ 51. Kxg3
Kf6 52. h4 gxh4+ 53. Kxh4 g5+ 54. Kh5 Nf8 55. Kh6 Ne6 1/2-1/2

[Event "Lake Sevan"]
[Site "Martuni ARM"]
[Date "2015.07.18"]
[EventDate "2015.07.12"]
[Round "7.3"]
[Result "0-1"]
[White "Samuel Sevian"]
[Black "A R Saleh Salem"]
[WhiteElo "2578"]
[BlackElo "2615"]
[PlyCount "116"]

1. e4 c5 2. Nf3 d6 3. d4 cxd4 4. Nxd4 Nf6 5. Nc3 a6 6. Be3 Ng4
7. Bc1 Nf6 8. f3 e5 9. Nb3 Be6 10. Be3 h5 11. Nd5 Bxd5
12. exd5 Nbd7 13. Qd2 g6 14. Be2 Qc7 15. c4 a5 16. Rc1 a4
17. Na1 Qa5 18. Rc3 Bg7 19. Nc2 O-O 20. O-O Rfe8 21. Ra3 Qxd2
22. Bxd2 Nc5 23. Rb1 Nfd7 24. Bf1 f5 25. g3 Kf7 26. Be3 Bf6
27. b4 axb3 28. axb3 e4 29. f4 h4 30. Rxa8 Rxa8 31. Nd4 hxg3
32. Nb5 gxh2+ 33. Kxh2 Ra2+ 34. Kg3 Be7 35. b4 Nd3 36. Bxd3
exd3 37. c5 Re2 38. Kf3 g5 39. fxg5 Ne5+ 40. Kf4 Ng6+ 41. Kxf5
Rxe3 42. c6 bxc6 43. dxc6 Re5+ 44. Kg4 Rxb5 45. c7 Rxg5+
46. Kf3 Ne5+ 47. Kf2 Rg8 48. b5 Nc4 49. b6 Nxb6 50. Rxb6 Rc8
51. Ke3 Rxc7 52. Kxd3 Ke6 53. Rb1 Bf6 54. Re1+ Be5 55. Rh1
Rc3+ 56. Kd2 Ra3 57. Rh4 Kd5 58. Rh5 Ke4 0-1

[Event "Lake Sevan"]
[Site "Martuni ARM"]
[Date "2015.07.19"]
[EventDate "2015.07.12"]
[Round "8.5"]
[Result "1-0"]
[White "Vladislav Artemiev"]
[Black "Samuel Sevian"]
[WhiteElo "2660"]
[BlackElo "2578"]
[PlyCount "115"]

1. e4 e5 2. Nf3 Nc6 3. Nc3 Nf6 4. Bb5 Bb4 5. O-O O-O 6. d3 d6
7. Bg5 Ne7 8. Nh4 c6 9. Bc4 d5 10. Bb3 a5 11. a4 Qd6 12. Qf3
h6 13. Bxf6 Qxf6 14. Qxf6 gxf6 15. f4 Be6 16. exd5 cxd5
17. Nb5 Bd2 18. fxe5 fxe5 19. Kh1 Be3 20. Nf3 Ng6 21. Rae1 d4
22. Bxe6 fxe6 23. Nd6 Rfd8 24. Nc4 Rac8 25. b3 Rc5 26. g3 Rdd5
27. Re2 Kg7 28. Rd1 Rd7 29. Kg2 Rdc7 30. Nxe3 dxe3 31. c4 R7c6
32. Rxe3 Rb6 33. d4 exd4 34. Nxd4 Nf8 35. Rf3 Rc7 36. Nb5 Rd7
37. Rfd3 Rxd3 38. Rxd3 Rc6 39. Rd8 Kf7 40. Kf3 e5 41. Ke4 b6
42. Nd6+ Ke7 43. Re8+ Kxd6 44. Rxf8 Kc5 45. Kxe5 Kb4 46. Rf3
Rc5+ 47. Kf4 h5 48. h3 Rc8 49. Kg5 Rh8 50. Rd3 Ka3 51. g4 hxg4
52. hxg4 Rg8+ 53. Kf5 Rf8+ 54. Ke6 Rg8 55. Rg3 Rg5 56. Kf6 Rg8
57. g5 Rf8+ 58. Ke7 1-0

[Event "Lake Sevan"]
[Site "Martuni ARM"]
[Date "2015.07.20"]
[EventDate "2015.07.12"]
[Round "9"]
[Result "1/2-1/2"]
[White "Samuel Sevian"]
[Black "Hovhannes Gabuzyan"]
[WhiteElo "2578"]
[BlackElo "2589"]
[PlyCount "75"]

1. e4 c5 2. Nf3 d6 3. d4 cxd4 4. Nxd4 Nf6 5. Nc3 a6 6. Bg5 e6
7. f4 Nbd7 8. Qf3 Qc7 9. O-O-O Be7 10. g4 h6 11. Bxf6 Bxf6
12. h4 Bxd4 13. Rxd4 b5 14. Be2 Bb7 15. Rhd1 Rc8 16. a3 Nb6
17. f5 Na4 18. Rxd6 O-O 19. Rd7 Qc6 20. R7d3 b4 21. axb4 Nxc3
22. Rxc3 Qa4 23. Kb1 a5 24. fxe6 fxe6 25. Rxc8 Rxc8 26. b3
Qxb4 27. Rd7 Kh8 28. Qf7 Qc3 29. Bd3 Ba6 30. e5 Qxe5 31. Qe7
Bxd3 32. Rd8+ Rxd8 33. Qxd8+ Kh7 34. Qxd3+ Kg8 35. Qd8+ Kf7
36. Qd7+ Kf6 37. Qd8+ Kf7 38. Qd7+ 1/2-1/2

[Event "Rilton Cup"]
[Site "Stockholm SWE"]
[Date "2015.12.27"]
[EventDate "2015.12.27"]
[Round "1.5"]
[Result "0-1"]
[White "Shahin Sadeh"]
[Black "Samuel Sevian"]
[WhiteElo "2284"]
[BlackElo "2578"]
[PlyCount "58"]

1. g3 d5 2. Bg2 c6 3. d3 g6 4. Nf3 Bg7 5. O-O e5 6. e4 Ne7
7. Nbd2 O-O 8. Re1 d4 9. Nc4 b5 10. Na3 a6 11. c3 c5 12. cxd4
cxd4 13. Bd2 Qd6 14. b4 Nec6 15. Qb1 Nd7 16. Rc1 Nb6 17. Rc2
Na4 18. Qe1 Bd7 19. Rd1 Rfc8 20. Nb1 Bf8 21. a3 Be6 22. Rdc1
Bb3 23. Rxc6 Rxc6 24. Rxc6 Qxc6 25. Nxe5 Qc2 26. Bf4 Nb2
27. Nd2 Bg7 28. h4 Bxe5 29. Bxe5 Nxd3 0-1

[Event "Rilton Cup"]
[Site "Stockholm SWE"]
[Date "2015.12.28"]
[EventDate "2015.12.27"]
[Round "2.1"]
[Result "1/2-1/2"]
[White "Samuel Sevian"]
[Black "Rauan Sagit"]
[WhiteElo "2578"]
[BlackElo "2375"]
[PlyCount "96"]

1. e4 c5 2. Nf3 d6 3. Bc4 e6 4. O-O Nf6 5. Re1 Be7 6. Bf1 O-O
7. c3 b6 8. d4 Bb7 9. Bd3 Re8 10. Nbd2 Nc6 11. Nf1 cxd4
12. cxd4 d5 13. e5 Nd7 14. Ng3 Nf8 15. a3 a5 16. Bb5 Qd7
17. Nh5 Ng6 18. Ng5 Rec8 19. Qf3 Bf8 20. Qh3 h6 21. Nf3 Ba6
22. Bxa6 Rxa6 23. Bxh6 Qd8 24. Bd2 Be7 25. Rac1 Ra7 26. Rc3
Rac7 27. Qg4 Na7 28. Rxc7 Qxc7 29. h4 Qc2 30. Bg5 Qf5 31. Qxf5
exf5 32. e6 f6 33. Nf4 Nxf4 34. Bxf4 g6 35. Re2 Nb5 36. g3 a4
37. Kg2 Kf8 38. Bh6+ Kg8 39. Bf4 Kf8 40. Kh3 Kg7 41. g4 fxg4+
42. Kxg4 Rc4 43. Rd2 Rc6 44. Re2 Rc4 45. Be3 Rc6 46. Bf4 Rc4
47. Be3 Rc6 48. Bf4 Rc4 1/2-1/2

[Event "Rilton Cup"]
[Site "Stockholm SWE"]
[Date "2015.12.29"]
[EventDate "2015.12.27"]
[Round "3.10"]
[Result "1/2-1/2"]
[White "Pavel Martynov"]
[Black "Samuel Sevian"]
[WhiteElo "2380"]
[BlackElo "2578"]
[PlyCount "47"]

1. e4 e5 2. Nf3 Nc6 3. Bc4 Bc5 4. c3 Nf6 5. d4 exd4 6. cxd4
Bb4+ 7. Bd2 Nxe4 8. Bxb4 Nxb4 9. Bxf7+ Kxf7 10. Qb3+ d5
11. Ne5+ Ke6 12. Qxb4 Qf8 13. Qxf8 Rxf8 14. f3 Nd6 15. Nc3 Nf5
16. Kf2 c6 17. Rhe1 Kd6 18. Rad1 g5 19. g4 Ng7 20. Ne2 Ne6
21. Ng3 Nf4 22. Ne2 Ne6 23. Ng3 Nf4 24. Ne2 1/2-1/2

[Event "Rilton Cup"]
[Site "Stockholm SWE"]
[Date "2015.12.30"]
[EventDate "2015.12.27"]
[Round "4.8"]
[Result "1/2-1/2"]
[White "Samuel Sevian"]
[Black "Sampsa Nyysti"]
[WhiteElo "2578"]
[BlackElo "2370"]
[PlyCount "140"]

1. e4 e5 2. Nf3 Nc6 3. Bb5 a6 4. Ba4 d6 5. c3 f5 6. exf5 Bxf5
7. O-O Bd3 8. Re1 Be7 9. Qb3 b5 10. Qd5 Qd7 11. Qxd3 bxa4
12. Qc2 Nf6 13. d3 O-O 14. Qxa4 Rae8 15. Nbd2 d5 16. Nf1 Nd4
17. Qxd7 Nxf3+ 18. gxf3 Nxd7 19. Kg2 Bd6 20. c4 Nc5 21. cxd5
Nxd3 22. Re2 Nf4+ 23. Bxf4 exf4 24. Rae1 Rxe2 25. Rxe2 Rf5
26. Nd2 Rxd5 27. Nc4 Kf7 28. Re4 g5 29. a3 Be7 30. Ne5+ Kg7
31. Nc4 Kf7 32. h4 gxh4 33. Rxf4+ Kg7 34. Re4 Kf7 35. Ne5+ Kf8
36. Rf4+ Ke8 37. Nc4 Bg5 38. Re4+ Kf7 39. f4 Bf6 40. Ne5+ Ke6
41. Ng4+ Kf7 42. Nxf6 Kxf6 43. Rc4 c5 44. Ra4 Rd6 45. Ra5 Rb6
46. Rxc5 Rxb2 47. Ra5 Rb3 48. f3 h5 49. a4 Ra3 50. Rxa6+ Kf5
51. Ra8 Kxf4 52. a5 Ra2+ 53. Kh3 Kxf3 54. a6 Ra1 55. Kxh4 Kf4
56. Kxh5 Kf5 57. Kh4 Kf4 58. Kh3 Kf3 59. Kh2 Ra2+ 60. Kg1 Ra1+
61. Kh2 Ra2+ 62. Kh3 Ra1 63. Kh4 Kf4 64. Kh5 Kf5 65. Kh6 Kf6
66. Kh7 Rh1+ 67. Kg8 Rg1+ 68. Kf8 Rh1 69. Kg8 Rg1+ 70. Kf8 Ke5
1/2-1/2

[Event "Rilton Cup"]
[Site "Stockholm SWE"]
[Date "2015.12.29"]
[EventDate "2015.12.27"]
[Round "3.10"]
[Result "1/2-1/2"]
[White "Pavel Martynov"]
[Black "Samuel Sevian"]
[WhiteElo "2380"]
[BlackElo "2578"]
[PlyCount "48"]

1. e4 e5 2. Nf3 Nc6 3. Bc4 Bc5 4. c3 Nf6 5. d4 exd4 6. cxd4
Bb4+ 7. Bd2 Nxe4 8. Bxb4 Nxb4 9. Bxf7+ Kxf7 10. Qb3+ d5
11. Ne5+ Ke6 12. Qxb4 Qf8 13. Qxf8 Rxf8 14. f3 Nd6 15. Nc3 Nf5
16. Kf2 c6 17. Rhe1 Kd6 18. Rad1 g5 19. g4 Ng7 20. Ne2 Ne6
21. Ng3 Nf4 22. Ne2 Ne6 23. Ng3 Nf4 24. Ne2 Ke6 1/2-1/2

[Event "Rilton Cup"]
[Site "Stockholm SWE"]
[Date "2016.01.01"]
[EventDate "2015.12.27"]
[Round "5.11"]
[Result "0-1"]
[White "David Pires Tavares Martins"]
[Black "Samuel Sevian"]
[WhiteElo "2372"]
[BlackElo "2578"]
[PlyCount "164"]

1. Nf3 Nf6 2. b3 d6 3. d4 c5 4. Bb2 cxd4 5. Nxd4 e5 6. Nf3 e4
7. Nd4 d5 8. e3 Nc6 9. Nxc6 bxc6 10. c4 Bb4+ 11. Nc3 Bg4
12. Be2 Qa5 13. O-O Bxc3 14. Bxc3 Qxc3 15. Bxg4 Rd8 16. Be2
Qb2 17. c5 O-O 18. Re1 d4 19. exd4 Rd7 20. Bc4 Rfd8 21. Qe2
Qxd4 22. Rac1 Qe5 23. Red1 h5 24. Rxd7 Rxd7 25. h3 g6 26. b4
Kg7 27. Bb3 Rd3 28. b5 cxb5 29. c6 Ne8 30. Rd1 Rxd1+ 31. Qxd1
Qd6 32. Qc2 Qd4 33. Qc1 Qe5 34. Qe3 a5 35. Qa7 Qa1+ 36. Kh2
Qe5+ 37. Kg1 Nc7 38. Qxa5 e3 39. fxe3 Qxe3+ 40. Kh2 Qf4+
41. Kh1 Qc1+ 42. Kh2 Qxc6 43. Qa7 Qd6+ 44. Kh1 Qf4 45. Qb7
Qf1+ 46. Kh2 Qf4+ 47. Kg1 h4 48. Qb8 Qe3+ 49. Kh1 Qe1+ 50. Kh2
Qg3+ 51. Kh1 Ne6 52. Qxb5 Qe1+ 53. Kh2 Nf4 54. Qb7 Qg3+
55. Kh1 Kh6 56. Qe4 f5 57. Qa8 Qe1+ 58. Kh2 Qe5 59. Qf8+ Kh5
60. Bd1+ Ne2+ 61. Kh1 Qe3 62. Bxe2+ Qxe2 63. Qh8+ Kg5 64. Qa1
f4 65. a4 f3 66. Qc1+ Kh5 67. Qc5+ g5 68. gxf3 Qxf3+ 69. Kg1
Qg3+ 70. Kf1 Qxh3+ 71. Ke1 Qh1+ 72. Kd2 Qg2+ 73. Kc1 h3
74. Qf5 h2 75. Qf7+ Kh4 76. Qh7+ Kg3 77. Qc7+ Kf2 78. Qc2+ Kg1
79. Qc5+ Kh1 80. Qf5 g4 81. a5 Qf3 82. Qd7 g3 0-1

[Event "Rilton Cup"]
[Site "Stockholm SWE"]
[Date "2016.01.02"]
[EventDate "2015.12.27"]
[Round "6.6"]
[Result "1-0"]
[White "Samuel Sevian"]
[Black "Johan Salomon"]
[WhiteElo "2578"]
[BlackElo "2438"]
[PlyCount "87"]

1. e4 e6 2. d4 d5 3. Nc3 Nf6 4. Bg5 dxe4 5. Nxe4 Nbd7 6. Nf3
Be7 7. Nxf6+ Bxf6 8. h4 h6 9. Bxf6 Qxf6 10. Qd3 O-O 11. Qe4
Qe7 12. Bd3 Nf6 13. Qe2 b6 14. O-O-O Bb7 15. Ne5 Nd7 16. Rh3
Nxe5 17. Qxe5 Qd6 18. Qxd6 cxd6 19. g4 g6 20. f4 Kg7 21. Re1
Kf6 22. Re2 Rac8 23. Kd2 Bd5 24. b3 Bb7 25. Rf2 a5 26. g5+
hxg5 27. hxg5+ Kg7 28. Rfh2 Rh8 29. Rxh8 Rxh8 30. Rxh8 Kxh8
31. c4 Kg7 32. a3 f6 33. b4 axb4 34. axb4 Kf7 35. Ke3 Bc6
36. c5 dxc5 37. dxc5 bxc5 38. bxc5 e5 39. fxe5 fxe5 40. Be4
Bd7 41. Bd5+ Ke7 42. Ke4 Bb5 43. Kxe5 Bd7 44. Be4 1-0

[Event "Rilton Cup"]
[Site "Stockholm SWE"]
[Date "2016.01.03"]
[EventDate "2015.12.27"]
[Round "7.4"]
[Result "1/2-1/2"]
[White "Hans Tikkanen"]
[Black "Samuel Sevian"]
[WhiteElo "2515"]
[BlackElo "2578"]
[PlyCount "98"]

1. e4 e5 2. Nf3 Nc6 3. Bb5 a6 4. Ba4 Nf6 5. O-O Be7 6. d3 d6
7. c3 O-O 8. Re1 Re8 9. d4 b5 10. Bc2 exd4 11. cxd4 Bg4
12. Nc3 Bf8 13. Be3 Bh5 14. Rc1 h6 15. a4 Nb4 16. Bb1 Rb8
17. axb5 axb5 18. d5 c5 19. dxc6 Nxc6 20. Ne2 Ne5 21. Nxe5
dxe5 22. f3 Qa5 23. Qb3 Rec8 24. Bd3 Bc5 25. Bxc5 Rxc5 26. Qa3
Qxa3 27. bxa3 Nd7 28. Ng3 Bg6 29. Rxc5 Nxc5 30. Bf1 b4
31. axb4 Rxb4 32. Nf5 Bxf5 33. exf5 Nd7 34. Rd1 Rd4 35. Rc1
Kf8 36. Rc7 Nb6 37. Kf2 Nd5 38. Ra7 Rd2+ 39. Ke1 Rb2 40. Bc4
Ne3 41. Rxf7+ Ke8 42. Be6 Rxg2 43. h4 Nc2+ 44. Kf1 Ne3+
45. Ke1 h5 46. Rc7 Nc2+ 47. Kf1 Ne3+ 48. Ke1 Nc2+ 49. Kf1 Ne3+
1/2-1/2

[Event "Rilton Cup"]
[Site "Stockholm SWE"]
[Date "2016.01.04"]
[EventDate "2015.12.27"]
[Round "8.2"]
[Result "1/2-1/2"]
[White "Samuel Sevian"]
[Black "Jon Ludvig Hammer"]
[WhiteElo "2578"]
[BlackElo "2695"]
[PlyCount "113"]

1. e4 e5 2. Nf3 Nc6 3. Bb5 Nf6 4. O-O Nxe4 5. d4 Nd6 6. Bxc6
dxc6 7. dxe5 Nf5 8. Qxd8+ Kxd8 9. h3 Ne7 10. Nc3 Ng6 11. Bg5+
Ke8 12. Rad1 Bd7 13. Rd2 Be6 14. Nd4 h6 15. Be3 Nxe5 16. Nxe6
fxe6 17. Bf4 Nc4 18. Rd4 Nd6 19. Re1 Kd7 20. Ne4 b6 21. Nxd6
cxd6 22. Bxd6 Bxd6 23. Red1 Rad8 24. Rxd6+ Ke7 25. Rxd8 Rxd8
26. Rxd8 Kxd8 27. Kh2 Ke7 28. Kg3 Kd6 29. Kf4 Kd5 30. c3 a5
31. Ke3 e5 32. f3 Kc4 33. Kd2 a4 34. Kc2 g5 35. b3+ axb3+
36. axb3+ Kd5 37. Kd3 b5 38. g3 h5 39. Ke3 c5 40. Kd3 c4+
41. bxc4+ bxc4+ 42. Ke3 h4 43. gxh4 gxh4 44. f4 Ke6 45. Ke4
exf4 46. Kxf4 Kf6 47. Ke4 Kg5 48. Ke5 Kg6 49. Kd4 Kf5 50. Kxc4
Kf4 51. Kd4 Kg3 52. Ke3 Kxh3 53. Kf3 Kh2 54. c4 h3 55. Kf2 Kh1
56. c5 h2 57. c6 1/2-1/2

[Event "Rilton Cup"]
[Site "Stockholm SWE"]
[Date "2016.01.05"]
[EventDate "2015.12.27"]
[Round "9.5"]
[Result "0-1"]
[White "Mads Andersen"]
[Black "Samuel Sevian"]
[WhiteElo "2474"]
[BlackElo "2578"]
[PlyCount "69"]

1. d4 Nf6 2. c4 e6 3. Nf3 d5 4. Nc3 c6 5. e3 Nbd7 6. Bd3 dxc4
7. Bxc4 b5 8. Bd3 a6 9. e4 c5 10. e5 cxd4 11. Nxb5 axb5
12. exf6 gxf6 13. O-O Qb6 14. Qe2 Bb7 15. Bxb5 Rg8 16. Rd1 Ra5
17. a4 Rxb5 18. axb5 Ne5 19. Nxe5 Rxg2+ 20. Kf1 fxe5 21. Qxe5
Bc5 22. Ra5 d3 23. Be3 Bxe3 24. fxe3 Qxa5 25. Qb8+ Qd8
26. Qxb7 Rxh2 27. Kg1 Rc2 28. Qf3 Qg5+ 29. Kf1 Qxb5 30. Qa8+
Ke7 31. Qa3+ Kf6 32. Qxd3 Qxd3+ 33. Rxd3 Rxb2 34. Rd4 h5
35. Re4 0-1

[Event "Tata Steel (Group B)"]
[Site "Wijk aan Zee NED"]
[Date "2016.01.22"]
[EventDate "2016.01.15"]
[Round "6"]
[Result "1-0"]
[White "Miguoel Admiraal"]
[Black "Samuel Sevian"]
[WhiteElo "2441"]
[BlackElo "2578"]
[PlyCount "107"]

1. e4 c5 2. Nf3 e6 3. d4 cxd4 4. Nxd4 Nf6 5. Nc3 d6 6. Be2 Be7
7. O-O O-O 8. f4 a6 9. Kh1 Qc7 10. Qd3 Nc6 11. Nxc6 bxc6
12. b3 d5 13. Bb2 a5 14. Qf3 Bb7 15. Bd3 c5 16. e5 Nd7 17. Qh3
g6 18. f5 exf5 19. Rxf5 d4 20. Qh6 Qc6 21. Be4 Qxe4 22. Nxe4
Bxe4 23. Rf2 Bd5 24. Re1 Be6 25. Bc1 Rfc8 26. Bg5 Bf8 27. Qh4
a4 28. Bh6 axb3 29. cxb3 Bxh6 30. Qxh6 c4 31. bxc4 Rxc4 32. h3
d3 33. Rxf7 Bxf7 34. e6 Rf8 35. Qe3 Nc5 36. exf7+ Rxf7
37. Qe8+ Kg7 38. Qe5+ Kh6 39. Qd5 Rff4 40. g3 Rfe4 41. Rf1 Rc2
42. h4 Rg4 43. Qf3 Rcc4 44. Qf8+ Kh5 45. Qe7 Rxg3 46. Qxh7+
Kg4 47. Qxg6+ Kh3 48. Qf5+ Rcg4 49. Qxc5 d2 50. Qd6 Rxh4
51. Qd7+ Rhg4 52. Qxd2 Re4 53. Qh2+ Kg4 54. Rg1 1-0

[Event "Tata Steel (Group B)"]
[Site "Wijk aan Zee NED"]
[Date "2016.01.23"]
[EventDate "2016.01.15"]
[Round "7"]
[Result "1/2-1/2"]
[White "Samuel Sevian"]
[Black "Benjamin Bok"]
[WhiteElo "2578"]
[BlackElo "2607"]
[PlyCount "124"]

1. e4 c5 2. Nf3 d6 3. d4 cxd4 4. Nxd4 Nf6 5. Nc3 a6 6. Bg5
Nbd7 7. Bc4 Qb6 8. Bb3 e6 9. Qd2 Be7 10. O-O-O Nc5 11. f3 Qc7
12. g4 b5 13. Bxf6 Bxf6 14. g5 Be7 15. h4 Bd7 16. Rde1 b4
17. Nd1 Nxb3+ 18. axb3 a5 19. Ne3 O-O 20. Qd3 Rfc8 21. f4 a4
22. bxa4 Rxa4 23. f5 Qa5 24. Nb3 Qe5 25. f6 gxf6 26. Ng4 Qf4+
27. Kb1 Qxg4 28. gxf6 Kf8 29. e5 Ke8 30. Rhg1 Qxh4 31. Rg8+
Bf8 32. Rxf8+ Kxf8 33. Qxd6+ Kg8 34. Rg1+ Kh8 35. Qxd7 Raa8
36. Qxf7 Rg8 37. Rxg8+ Rxg8 38. Qxe6 Qe4 39. f7 Rg1+ 40. Ka2
Qa8+ 41. Na5 Qxa5+ 42. Kb3 Kg7 43. Qf6+ Kf8 44. Qd6+ Kxf7
45. e6+ Kg6 46. e7+ Kf7 47. Qd8 Rg3+ 48. c3 Rxc3+ 49. bxc3
Qa3+ 50. Kc4 Qxc3+ 51. Kb5 Qe5+ 52. Kxb4 Qxe7+ 53. Qxe7+ Kxe7
54. Kc4 Kf6 55. Kd4 Kg5 56. Ke3 Kg4 57. Kf2 h5 58. Kg2 h4
59. Kh2 h3 60. Kh1 Kg3 61. Kg1 h2+ 62. Kh1 Kh3 1/2-1/2

[Event "Tata Steel (Group B)"]
[Site "Wijk aan Zee NED"]
[Date "2016.01.24"]
[EventDate "2016.01.15"]
[Round "8"]
[Result "0-1"]
[White "Ju Wenjun"]
[Black "Samuel Sevian"]
[WhiteElo "2548"]
[BlackElo "2578"]
[PlyCount "98"]

1. d4 Nf6 2. c4 g6 3. g3 c5 4. d5 b5 5. cxb5 Qa5+ 6. Nc3 Ne4
7. Qa4 Qxa4 8. Nxa4 d6 9. f3 Nf6 10. e4 Bg7 11. Nh3 O-O
12. Nf2 Nbd7 13. Be2 a6 14. Nc3 axb5 15. Nxb5 Ba6 16. a4 Rfc8
17. Be3 Ne8 18. Nd1 Nc7 19. Rb1 Nb6 20. b3 Bxb5 21. axb5 Rcb8
22. Bd2 Ra3 23. Ne3 h5 24. b4 c4 25. Nxc4 Nxc4 26. Bxc4 Rxf3
27. b6 Rxb6 28. Ke2 Ra3 29. Be3 Rb7 30. b5 Ne8 31. Rhc1 Nf6
32. Bd3 Ng4 33. Rc8+ Kh7 34. Bg1 Ne5 35. Bc2 Nf3 36. Bf2 Nxh2
37. b6 Ng4 38. Rc6 Nxf2 39. Kxf2 Be5 40. Ke2 Bxg3 41. Bd3 Bf2
42. e5 Ra2+ 43. Kf3 Bc5 44. e6 f5 45. Rc7 Rxb6 46. Rxb6 Bxb6
47. Rxe7+ Kh6 48. Be2 g5 49. Rb7 Bd4 0-1

[Event "Tata Steel (Group B)"]
[Site "Wijk aan Zee NED"]
[Date "2016.01.26"]
[EventDate "2016.01.15"]
[Round "9"]
[Result "1-0"]
[White "Samuel Sevian"]
[Black "Anne Haast"]
[WhiteElo "2578"]
[BlackElo "2391"]
[PlyCount "73"]

1. e4 e5 2. Nf3 Nc6 3. Bb5 a6 4. Ba4 Nf6 5. O-O b5 6. Bb3 Bb7
7. d3 Bc5 8. a4 O-O 9. Nc3 Na5 10. Ba2 b4 11. Ne2 d5 12. Nxe5
dxe4 13. d4 Be7 14. Ng3 Qc8 15. Bg5 c5 16. dxc5 Qc7 17. Bxf6
Rad8 18. Nd7 Rxd7 19. Be5 Rxd1 20. Bxc7 Rxa1 21. Rxa1 Bd8
22. Bd6 Re8 23. Nf5 Bc8 24. Ne3 Nb7 25. Bd5 Nxd6 26. cxd6 Bf6
27. Nc4 Rd8 28. Rd1 Bf5 29. a5 Kf8 30. b3 Rd7 31. Bc6 Ra7
32. Rd5 Bd7 33. Bxd7 Rxd7 34. Rc5 Ke8 35. Rc8+ Rd8 36. Rc6 Ra8
37. d7+ 1-0